ARRUPE JESUIT UNIVERSITY

CORONAVIRUS -STOP THE SPREAD - CLEAN,DISINFECT,COVER

Venda children's songs : (Record no. 123695)

MARC details
000 -LEADER
fixed length control field 01168pam a2200313 a 4500
001 - CONTROL NUMBER
control field 1126114
003 - CONTROL NUMBER IDENTIFIER
control field ARRUPE
005 - DATE AND TIME OF LATEST TRANSACTION
control field 20151029151726.0
008 - FIXED-LENGTH DATA ELEMENTS--GENERAL INFORMATION
fixed length control field 940922r19951967iluag b 001 0 eng
010 ## - LIBRARY OF CONGRESS CONTROL NUMBER
LC control number 94036465
020 ## - INTERNATIONAL STANDARD BOOK NUMBER
International Standard Book Number 0226055108 (cloth)
020 ## - INTERNATIONAL STANDARD BOOK NUMBER
International Standard Book Number 0226055116 (pbk)
040 ## - CATALOGING SOURCE
Original cataloging agency DLC
Transcribing agency DLC
Modifying agency DLC
043 ## - GEOGRAPHIC AREA CODE
Geographic area code f-sa---
050 00 - LIBRARY OF CONGRESS CALL NUMBER
Classification number ML3760
Item number .B62 1995
082 00 - DEWEY DECIMAL CLASSIFICATION NUMBER
Classification number 782.42162/96397
Edition number 20
300 ## - PHYSICAL DESCRIPTION
Other physical details ill., music ;
Dimensions 24 cm.
100 1# - MAIN ENTRY--PERSONAL NAME
Personal name Blacking, John.
9 (RLIN) 14897
245 10 - TITLE STATEMENT
Title Venda children's songs :
Remainder of title a study in ethnomusicological analysis /
Statement of responsibility, etc John Blacking.
260 ## - PUBLICATION, DISTRIBUTION, ETC. (IMPRINT)
Place of publication, distribution, etc Chicago ;
-- London :
Name of publisher, distributor, etc University of Chicago Press,
Date of publication, distribution, etc 1995.
300 ## - PHYSICAL DESCRIPTION
Extent 210 p. :
500 ## - GENERAL NOTE
General note Originally published: Johannesburg : Witwatersrand University Press, 1967.
504 ## - BIBLIOGRAPHY, ETC. NOTE
Bibliography, etc Includes bibliographical references (p. 207-208) and index.
650 #0 - SUBJECT ADDED ENTRY--TOPICAL TERM
Topical term or geographic name as entry element Venda (African people)
General subdivision Music.
9 (RLIN) 20783
650 #0 - SUBJECT ADDED ENTRY--TOPICAL TERM
Topical term or geographic name as entry element Children's songs
Geographic subdivision South Africa.
9 (RLIN) 20784
650 #0 - SUBJECT ADDED ENTRY--TOPICAL TERM
Topical term or geographic name as entry element Ethnomusicology
Geographic subdivision South Africa.
9 (RLIN) 20785
906 ## - LOCAL DATA ELEMENT F, LDF (RLIN)
a 7
b cbc
c orignew
d 1
e ocip
f 19
g y-gencatlg
942 ## - ADDED ENTRY ELEMENTS (KOHA)
Source of classification or shelving scheme Library of Congress Classification
Koha item type Monograph ( Printed materials)
Holdings
Withdrawn status Lost status Source of classification or shelving scheme Damaged status Not for loan Collection code Home library Current library Shelving location Date acquired Total Checkouts Full call number Barcode Date last seen Price effective from Koha item type
    Library of Congress Classification     Main Collection ARRUPE LIBRARY ARRUPE LIBRARY Main Collection 29/10/2015   ML3760.B62 1995 46500005786 03/07/2018 29/10/2015 Monograph ( Printed materials)

 

Arrupe Library. PO Box MP320 Mt Pleasant, Harare, Zimbabwe
263 242 745411|librarian@aju.ac.zw